Language Quiz

Random Language or Letter Quiz

3-Letter Words Without A, E, I, O, U Quiz Stats

Quiz Updated Sep 23, 2017

Challenge
Share
Tweet
Score 0/34 Timer 08:00
0 Plays Today
Words % Correct
CRY
86.7%
TRY
83.9%
DRY
81.4%
FRY
80.2%
PRY
78.1%
SLY
72.9%
FLY
71.6%
STY
69.2%
PLY
68.2%
WRY
65.9%
SHY
65.6%
SPY
64.1%
WHY
63.7%
SKY
62.8%
THY
57.3%
GYM
28.6%
BRR
20%
Words % Correct
SHH
19.1%
GYP
19.1%
BYS
17.9%
HMM
17.1%
MMM
16.3%
ZZZ
16.3%
SYN
16.2%
GRR
15.7%
HYP
13.7%
PST
10.3%
WYN
9.7%
CWM
8.4%
NTH
7.3%
TSK
7%
PYX
6.6%
MYC
6.1%
PHT
4.8%

You're not logged in!

Compare scores with friends on all Sporcle quizzes.
Sign Up with Email
OR
Log In

You Might Also Like...

Show Comments

Extras

Top Quizzes Today


Score Distribution

Your Account Isn't Verified!

In order to create a playlist on Sporcle, you need to verify the email address you used during registration. Go to your Sporcle Settings to finish the process.